000 00639nam a22002057a 4500
005 20240530110554.0
008 160802s2014 ua f 000 f ara d
017 _a2013/5911
_bمصر . دار الكتب المصرية
020 _a9789770932315
040 _aEG-CaGPL
082 0 4 _221
_a813.3\
_bع ن
100 0 _aعلاء الاسوانى
245 1 0 _aنادى السيارات /
_cعلاء الاسوانى
250 _aط. 5
260 _aالقاهرة :
_bدار الشروق ،
_c2014 .
300 _a644 ص. ؛
_c19 سم .
650 0 4 _aالادب العربى
650 0 4 _aالقصص العربية
942 _2ddc
_cBK
999 _c62516
_d62516